000
00278nam a2200109 4500
999
_c
10141
_d
10141
008
180803b ||||| |||| 00| 0 eng d
245
_a
Fire control.
260
_a
Davao City
_b
Sun Star Davao
_c
c2016
300
_a
page 10.
650
0
_9
29938
_a
Fire prevention.
942
_2
ddc
_c
PER